Statistics for 10 Biggest Cities in Order: Myanmar

Click here to take the quiz!

General Stats

  • This quiz has been taken 11 times
  • The average score is 4 of 10

Answer Stats

#PopulationCity% Correct
21,226,000Mandalay
100%
3334,000Naypyidaw
100%
14,729,000Yangon
100%
5254,000Bago
20%
6254,000Mawlamyine
20%
10170,000Pathein
20%
4265,000Taunggyi
20%
9174,000Lashio
10%
8207,000Monywa
10%
7243,000Myitkyina
10%

Score Distribution

Percentile by Number Answered

Percent of People with Each Score

Your Score History

You have not taken this quiz